1757 1971 1810 1168 1980 1770 1637 1830 1400 1540 1360 1055 1217 1573 1965 1244 1928 1968 1693 1071 1505 1444 1362 1720 1166 1477 1805 1176 1715 1457 1992 1400 1918 1657 1504 1281 1569 1151 1000 1694 1131 1693 1704 1959 1619 1096 1117 1530 1865 1644 1915 1378 1652 1416 1401 1819 1280 1469 1380 1401 1842 1611 1995 1994 1328 1228 1564 1728 1134 1868 1253 1068 1197 1517 1964 1578 1417 1766 1329 1271 1397 1901 1104 1176 1772 1775 1731 1558 1380 1506 1993 1150 1273 1821 1675 1260 1591 1032 1790 BCNSPRNW ULIB Ver.6.0+V

เปลี่ยนเป็นภาษาไทย

Change to English
 แสดงรายละเอียดบรรณานุกรม
  กลับหน้าหลัก

Brief Record : Get Marc (ISO 2709) : E-mail record : QR code < ปิดหน้าต่าง
LEADER : 00000nam 2200000uu 4500
001    13399111894
003     ULIB
008    110711s2544||||th 000 0 tha d
020    9747383004
050 04 DS589.B2^bพ721ภ 2544
100 0  พิพัฒน์ พงศ์รพีพร
245 10 ภาพมุมกว้างของกรุงเทพมหานคร ในสมัยรัชกาลที่ 4 : การค้นพบใหม่ /^cพิพัฒน์ พงศ์รพีพร
260    กรุงเทพฯ :^bเมืองโบราณ,^c2544
300    159 หน้า :^bภาพประกอบ
650  7 ไทย^xอารยธรรม
650  7 เมืองโบราณ^xไทย
945    ^p0^l0^i015968
995    ทศพร
999 ^a ใช้งานได้ทุกระบบ
รายการนี้ยังไม่มีแท็ก
คุณยังไม่ได้ล็อกอิน คุณสามารถมีกิจกรรมร่วมกับเว็บไซต์ได้ แต่ต้องล็อกอินก่อน ::
  ล็อกอิน

รายการสื่อสารสนเทศ

ลำดับที่ ประเภท เลขเรียก/บาร์โค้ด สถานที่ สถานะ
- ไม่พบข้อมูล -

BibComment


ยังไม่เคยถูกคอมเมนท์

คอมเมนท์ทรัพยากรรายการนี้
  คอมเมนท์: ภาพมุมกว้างของกรุ..


 Copyright 2026. Bcnsprnw @Library